Tratado de Derecho Administrativo : limitaciones a la propiedad privada en interés público. Tomo IV /
Guardado en:
| Autor Principal: | |
|---|---|
| Formato: | Libro |
| Idioma: | Spanish |
| Publicado: |
Buenos Aires :
Abeledo-Perrot,
2006
|
| Edición: | 3a. ed. |
| Materias: | |
| Etiquetas: |
Agregar Etiqueta
Sin Etiquetas, Sea el primero en etiquetar este registro!
|
| LEADER | 00690nam a22001695a 4500 | ||
|---|---|---|---|
| 001 | DER.der008051 | ||
| 008 | 180615s2006####ag#||||||||||||||#||spa|| | ||
| 005 | 20251118185859.0 | ||
| 245 | 1 | 0 | |a Tratado de Derecho Administrativo : |b limitaciones a la propiedad privada en interés público. |n Tomo IV / |c Miguel S. Marienhoff. |
| 250 | |a 3a. ed. | ||
| 260 | |a Buenos Aires : |b Abeledo-Perrot, |c 2006 | ||
| 300 | |a 889 p. | ||
| 500 | |a Limitaciones a la propiedad privada en interés público - Policia. Poder de policía - Responsabilidad del Estado | ||
| 020 | |a 9789502010410 | ||
| 100 | 1 | |a Marienhoff, Miguel S. | |
| 653 | |a DERECHO ADMINISTRATIVO | ||
| 859 | |a DERECHO |b BIB. DERECHO |h 342.06 |i MAR |p 006079 |v IV |3 Tomo IV | ||
